000 002300000a22000970004500
100 1 _aPeña, Bernardo Alberto
245 1 0 _aAyyy, mi bonanza
300 _aVol. 24, Núm 24 (1993), Páginas 16-19
773 0 _tCambio 16
942 _cANA
999 _c58329
_d58329